Wellington (Record no. 41362)
[ view plain ]
| 000 -LEADER | |
|---|---|
| campo de control de longitud fija | 00616nam a2200181 i 4500 |
| 001 - NÚMERO DE CONTROL | |
| campo de control | 41362 |
| 003 - IDENTIFICADOR DE NÚMERO DE CONTROL | |
| campo de control | ES-MaACL |
| 005 - FECHA Y HORA DE LA ÚLTIMA TRANSACCIÓN | |
| campo de control | 20230906160422.0 |
| 007 - CAMPO FIJO DE DESCRIPCIÓN FÍSICA--INFORMACIÓN GENERAL | |
| campo de control de longitud fija | t| |
| 008 - DATOS DE LONGITUD FIJA--INFORMACIÓN GENERAL | |
| campo de control de longitud fija | 030310s1912 sp ||||1| spa d |
| 100 1# - ENTRADA PRINCIPAL--NOMBRE DE PERSONA | |
| Nombre de persona | Casadesús Vila, José. |
| 9 (RLIN) | 36001 |
| 245 10 - MENCIÓN DEL TÍTULO | |
| Título | Wellington |
| Resto del título | : conferencia dada en el Ateneo Barcelonés a 3 de mayo de 1912 / |
| Mención de responsabilidad, etc. | José Casadesús. |
| 260 ## - PUBLICACIÓN, DISTRIBUCIÓN, ETC. | |
| Lugar de publicación, distribución, etc. | Madrid : |
| Nombre del editor, distribuidor, etc. | R. Velasco, |
| Fecha de publicación, distribución, etc. | 1912. |
| 300 ## - DESCRIPCIÓN FÍSICA | |
| Extensión | 27 p. : |
| Otras características físicas | 1 retr. ; |
| Dimensiones | 21 cm. |
| 594 ## - Nota al título y mención de responsabilidad | |
| Nota al título y mención de responsabilidad | Precede al tit.: Centenario de las Córtes de Cádiz. |
| 600 04 - PUNTO DE ACCESO ADICIONAL DE MATERIA--NOMBRE DE PERSONA | |
| Nombre de persona | Wellington, Arthur Wellesley |
| Títulos y otros términos asociados al nombre | Duke of. |
| 9 (RLIN) | 116448 |
| 852 ## - LOCALIZACIÓN | |
| Ubicación | ES-MaACL |
| Número de control de estantería | T-1333-F-2 |
| Estatus retirado | Estado de pérdida | Estado de daño | No para préstamo | Colección | Biblioteca de origen | Biblioteca actual | Ubicación en estantería | Fecha de adquisición | Fuente de adquisición | Total de préstamos | Signatura topográfica completa | Código de barras | Visto por última vez | Precio de reemplazo | Tipo de ítem Koha |
|---|---|---|---|---|---|---|---|---|---|---|---|---|---|---|---|
| Colección de folletos | Biblioteca del Ateneo de Madrid | Biblioteca del Ateneo de Madrid | Depósito folletos | 17/01/2008 | T-1333-F-2 | 1043543 | 23/02/2023 | 23/02/2023 | Folleto |
